| 000 | 00786nam a22002057a 4500 | ||
|---|---|---|---|
| 999 |
_c10878 _d10878 |
||
| 003 | AR-CdUCM | ||
| 008 | 190402b ||||| |||| 00| 0 spa d | ||
| 040 |
_aMUNICIPALIDAD PROVINCIAL DEL CUSCO _cBIBLIOTECA MUNICIPAL DEL CUSCO |
||
| 082 |
_22 ed. _a869.33 / _bA43 / 1951 |
||
| 100 |
_aAlonso, Amado _914216 |
||
| 245 |
_aPoesía y estilo de Pablo Neruda : _bInterpretación de una poesía hermética / |
||
| 260 |
_aBuenos Aires : _bSudamericana _c1951. |
||
| 300 |
_a335 paginas ; _c20 cm. |
||
| 505 | _aContenido : Angustia y desintegración -- Intuición y sentimiento -- Enajenamiento y ensimismamiento en la creación poética -- El ritmo ... | ||
| 650 |
_aPoesía _9139 |
||
| 650 |
_aLiteratura _983 |
||
| 650 |
_aLatinoamericana _95799 |
||
| 942 |
_2ddc _cLIBROS |
||
| 945 | _arah | ||